=LDR 00000nam 2200000 4500 =001 INLIS000000000027193 =005 20200302012918 =035 ##$$a 0010-061300000027193 =008 200302################g##########0#ind## =041 ##$$a Ind =082 ##$$a 153.93 =090 ##$$a 153.93, Har k =100 ##$$a Hariwijaya, M =245 1#$$a Kupas tuntas tes potensi akademik (TPA) /$c M. Hariwijaya =260 ##$$a Bandung :$b Permata Press,$c 2007 =300 ##$$a vi, 170 hlm. : $b ilus. ; $c 13x19 cm. =650 #4$$a Tes Integrasi =850 ##$$a NBPNMAT =020 ##$$a 979-15103-8-5 =084 ##$$a 153.93 HAR k =504 ##$$a Bibliografi : hlm. 167 =990 ##$$a 20708327